| 000 | 01309cam a22003617a 4500 | ||
|---|---|---|---|
| 003 | CHAP | ||
| 005 | 20220329141832.0 | ||
| 008 | 971128d1997 mx r 00110 spa d | ||
| 010 | _a74581 | ||
| 011 | _a75553 | ||
| 035 | _a85117 | ||
| 040 | _cCHAP | ||
| 090 | _aTesis | ||
| 100 | 0 | 0 |
_aCasanova Pérez, Nohemí. _919748 |
| 245 | 1 | 0 |
_aCanales y márgenes de comercialización para pollo de engorda en Tantoyuca, Ver. _c/por Nohemí Casanova Pérez y Lucia Ramírez Figueroa |
| 260 |
_aChapingo, Méx. : _bEl autor, _c1997. |
||
| 300 |
_a60 h. : _banexos |
||
| 502 | _aTesis (Ing. Agr. Esp. en Econ. Agr.) -- UACH. Departamento de Economía Agrícola | ||
| 590 |
_aALEPH _b10 _c20130110 _lUCH01 _h1420 |
||
| 590 |
_aBATCH-UPD _b10 _c20130110 _lUCH01 _h0544 |
||
| 590 |
_aBATCH-UPD _b10 _c20130410 _lUCH01 _h0225 |
||
| 590 |
_aBATCH-UPD _b10 _c20130914 _lUCH01 _h0450 |
||
| 590 |
_aCONVERSION _b10 _c20130109 _lUCH01 _h1341 |
||
| 650 | 1 | 4 |
_aAves de corral _xEngorda. _98647 |
| 650 | 1 | 4 |
_aAves de corral _xMercadeo _xVeracruz. _98666 |
| 650 | 1 | 4 |
_aCarne de pollo en canal. _919172 |
| 700 | 0 |
_aRamírez Figueroa, Lucia. _993986 |
|
| 901 | _aBK | ||
| 905 | _aMayto Villalobos S. | ||
| 942 | _cFOLL | ||
| 949 |
_bBC _cTES _d33724000629168 _eTS2 _fc.2 _h31861 _i85117 _si |
||
| 949 |
_bBC _cTES _d851171 _eTS1 _h31860 _i85117 _sb |
||
| 999 |
_c74581 _d74581 |
||